| 000 | 01123nam a2200301 c 4500 | ||
|---|---|---|---|
| 999 |
_c185676 _d185676 |
||
| 003 | BLK | ||
| 005 | 20221107122716.0 | ||
| 008 | 180411b bul|||||r ||||||| ||bul|| | ||
| 010 | _aKNG00194670000 | ||
| 040 | _aBLK | ||
| 041 |
_aBUL _cBUL |
||
| 080 |
_b539.3/.4 _z539.3/.4 |
||
| 100 | 1 |
_aКисьов, Иван Дафинов _eпърви автор _9261234 |
|
| 139 |
_aКисьов, Иван Дафинов _bК 60 |
||
| 245 | 1 | 0 |
_aТаблици по съпротивление на материалите _cИван Дафинов Кисьов. |
| 250 | _a5. изд. | ||
| 257 | _aBGR | ||
| 260 |
_bТехника _c1977 _aСофия |
||
| 300 |
_a75 с. _bс табл. _c21 см |
||
| 380 | _a5 | ||
| 500 | _a1. изд. 1954 като прил. на учебника Съпротивление на материалите от същия авт. | ||
| 650 | 4 |
_aСъпротивление на материалите _9261889 |
|
| 852 | _aЦб 89556 | ||
| 856 | 4 |
_qpdf _i0.00 _ldisable |
|
| 856 | 4 |
_qpdf _i0.00 _ldisable |
|
| 942 |
_cKNG _n0 _s1 |
||
| 944 |
_aCR _c2022-11-07 _kвр |
||